<?xml version="1.0" encoding="UTF-8"?><?xml-stylesheet type="text/xsl" href="static/style.xsl"?><OAI-PMH xmlns="http://www.openarchives.org/OAI/2.0/" xmlns:xsi="http://www.w3.org/2001/XMLSchema-instance" xsi:schemaLocation="http://www.openarchives.org/OAI/2.0/ http://www.openarchives.org/OAI/2.0/OAI-PMH.xsd"><responseDate>2026-06-30T04:08:20Z</responseDate><request verb="GetRecord" identifier="oai:riubu.ubu.es:10259/7228" metadataPrefix="marc">https://riubu.ubu.es/oai/request</request><GetRecord><record><header><identifier>oai:riubu.ubu.es:10259/7228</identifier><datestamp>2023-01-11T01:05:33Z</datestamp><setSpec>com_10259_7210</setSpec><setSpec>com_10259.4_2477</setSpec><setSpec>com_10259.4_106</setSpec><setSpec>com_10259_2604</setSpec><setSpec>col_10259_7211</setSpec></header><metadata><record xmlns="http://www.loc.gov/MARC21/slim" xmlns:doc="http://www.lyncode.com/xoai" xmlns:xsi="http://www.w3.org/2001/XMLSchema-instance" xmlns:dcterms="http://purl.org/dc/terms/" xsi:schemaLocation="http://www.loc.gov/MARC21/slim http://www.loc.gov/standards/marcxml/schema/MARC21slim.xsd">
<leader>00925njm 22002777a 4500</leader>
<datafield tag="042" ind1=" " ind2=" ">
<subfield code="a">dc</subfield>
</datafield>
<datafield tag="720" ind1=" " ind2=" ">
<subfield code="a">Herrero Luque, Daniel</subfield>
<subfield code="e">author</subfield>
</datafield>
<datafield tag="720" ind1=" " ind2=" ">
<subfield code="a">Baraja Rodríguez, Eugenio</subfield>
<subfield code="e">author</subfield>
</datafield>
<datafield tag="260" ind1=" " ind2=" ">
<subfield code="c">2017-07</subfield>
</datafield>
<datafield tag="520" ind1=" " ind2=" ">
<subfield code="a">De entre las actividades antrópicas la producción energética es una de las que ha generado&#xd;
mayor impacto espacial y transformación del paisaje. La comunidad de geógrafos, si&#xd;
bien se interesó de forma temprana por los recursos energéticos o su aprovechamiento y consumo,&#xd;
no ha abordado hasta el nuevo siglo la dimensión paisajística de la energía. El artículo&#xd;
analiza a partir de un trabajo de revisión bibliográfica el estado de la cuestión de los estudios&#xd;
geográficos sobre la energía. Los resultados identifican las orientaciones con las que ha sido&#xd;
abordada la “geografía de la energía” y las líneas de investigación presentes.</subfield>
</datafield>
<datafield tag="520" ind1=" " ind2=" ">
<subfield code="a">Among the anthropic activities, both mining and energy development are uppermost in&#xd;
terms of spatial impact and their capacity for landscape transformation. While geographers&#xd;
took an early interest over energy resources, it was not until the turn of the new century that&#xd;
they approached the landscape dimension of energy. The present paper engages in a literature review in order to assess the current state of geographical studies on the issue of energy. Our&#xd;
results point at both the main past approaches to the study of the so-called “geography of&#xd;
energy” and the current lines of research in this field.</subfield>
</datafield>
<datafield tag="024" ind2=" " ind1="8">
<subfield code="a">0212-9426</subfield>
</datafield>
<datafield tag="024" ind2=" " ind1="8">
<subfield code="a">http://hdl.handle.net/10259/7228</subfield>
</datafield>
<datafield tag="024" ind2=" " ind1="8">
<subfield code="a">10.21138/bage.2453</subfield>
</datafield>
<datafield tag="024" ind2=" " ind1="8">
<subfield code="a">0212-9426</subfield>
</datafield>
<datafield ind1=" " ind2=" " tag="653">
<subfield code="a">Geografía de la energía</subfield>
</datafield>
<datafield ind1=" " ind2=" " tag="653">
<subfield code="a">Estado de la cuestión</subfield>
</datafield>
<datafield ind1=" " ind2=" " tag="653">
<subfield code="a">Energías renovables</subfield>
</datafield>
<datafield ind1=" " ind2=" " tag="653">
<subfield code="a">Recursos energéticos</subfield>
</datafield>
<datafield ind1=" " ind2=" " tag="653">
<subfield code="a">Geography of energy</subfield>
</datafield>
<datafield ind1=" " ind2=" " tag="653">
<subfield code="a">State-of-the-art</subfield>
</datafield>
<datafield ind1=" " ind2=" " tag="653">
<subfield code="a">Renewable energy</subfield>
</datafield>
<datafield ind1=" " ind2=" " tag="653">
<subfield code="a">Energy resources</subfield>
</datafield>
<datafield ind1=" " ind2=" " tag="653">
<subfield code="a">Literature review</subfield>
</datafield>
<datafield tag="245" ind1="0" ind2="0">
<subfield code="a">El estudio geográfico de la energía: Una aproximación histórica al estado de la cuestión</subfield>
</datafield>
</record></metadata></record></GetRecord></OAI-PMH>